Statistics for 2000s Music Trivia #2

Click here to take the quiz!

General Stats

  • This quiz has been taken 43,217 times
    (17,480 since last reset)
  • The average score is 14 of 20

Answer Stats

QuestionAnswer% Correct
Whose hips didn't lie?Shakira
96%
Who kissed a girl and liked it?Katy Perry
94%
What was the last name of brothers Nick, Joe, and Kevin?Jonas
89%
If you liked it then you should have put a what on it?Ring
88%
Who said "no, no, no" to rehab?Amy Winehouse
86%
What kind of idiot did Green Day not want to be?American Idiot
79%
Who partnered with Alicia Keys on the song "Empire State of Mind"?Jay-Z
77%
Fill in the blank: "He was a skater boy, she said __ __ ____ boy".See you later
72%
What singer was added to "The Black Eyed Peas" in 2002?Fergie
71%
What indie band recorded "Mr. Brightside"?The Killers
68%
What virtual band, created by Damon Albarn, had a hit with "Feel Good Inc."?Gorillaz
66%
Fill in the blank: "You had a __ ___. You're taking one down.
You sing a sad song just to turn it around."
Bad Day
65%
What Canadian rapper starred in "Degrassi: The Next Generation"?Drake
63%
Who was the lead singer of Coldplay?Chris Martin
61%
What genre of Jamaican dance music became popular in London?{Dub}step
59%
Whose fans were "little monsters"?Lady Gaga
58%
What popular rapper was named after a U.S. state?Flo Rida
55%
What band broke up in 2009 after brothers Liam and Noel had a snit?Oasis
55%
What R&B singer is to blame for making Justin Bieber famous?Usher
45%
What band from Montreal released "Neon Bible"?Arcade Fire
17%

Score Distribution

Percentile by Number Answered

Percent of People with Each Score

Your Score History

You have not taken this quiz since the last reset